000 01142nam a22002417a 4500
005 20250402130059.0
008 250402b |||||||| |||| 00| 0 eng d
020 _a978-93-92175-07-7 (hbk)
037 _cTB
040 _aCRL
_cCRL
041 _2hin
_ahin
084 _aO152,1N2:g R2
_qCRL
245 _aछायावाद:
_bविचार और विषलेषण
260 _aनई दिल्ली, भारत:
_bनैशनल पब्लिशिंग कंपनी,
_c2022.
300 _a171पृ0
365 _b550.00
_cINR
650 _aहिन्दी कविता
650 _aहिन्दी साहित्य
700 _aपटेल, रामनारायण (संपादक)
700 _aपटेल, अभीप्सा (संपादक)
_9160180
942 _2CC
_cTB
_hO152,1N2:g R2
_n0
999 _c1308387
_d1308387